00407nam a2200157Ia 4500008004100000020001400041082001500055100002100070245002600091250000700117260003700124300002900161500001900190600002000209650002000229240925s9999 xx 000 0 und d a205169929 a305.42 WAR aWard ,Martha C. 2aA World Full of Women aNA aBoston:bAllyn and Baconc,1996. axxiv,520p.bNAfOriginal aIncludes Index aSocial Sciences aSocial Sciences